000 02035nam a2200409 c 4500
003 BLK
005 20231102155355.0
008 180408b bul|||||r ||||||| ||bul||
010 _aKNG00075791000
020 _a978-954-411-138-0
_bиздат.: 168 часа
040 _aBLK
041 _aBUL
_cBUL
080 _aСпециална част на наказателното право. Видове наказуеми действия - Срещу собствена или чужда държава и управлението, политически престъпления,геноцид(прав.аспекти), наркотрафик, против мира, обществен
_b343.3/.7
_x(497.2)(0:82-9)
_z343.3/.7(497.2)(0:82-9)
080 _aВътрешна политика. Вж и 329
_b323
_x(497.2)(0:82-9)
_z323(497.2)(0:82-9)
080 _aБългарска литература
_b821.163.2
_x-94
_z821.163.2-94
100 1 _aАнгелов, Слави
_eпърви автор
_9292846
139 _aАнгелов, Слави
_bА 64
245 1 0 _a[Девет] 9 милиметра
_bИстинската история на бълг. мафия : Док. разследване
_cСлави Ангелов.
257 _aBGR
260 София
_b168 часа
_c2007
300 _a240 с.
_c21 см
380 _aX
500 _aПрил. на в. 24 часа. - Офс. изд.
650 4 _aМафия - България
_9250884
650 4 _aОрганизирана престъпност - България
_9277782
650 4 _aПрестъпления и престъпници - България
_9271494
651 4 _aБългария
_9241624
653 _aмафия
653 _aорганизирана престъпност
653 _aвътрешна политика
852 _aЦб 234410
856 4 _qpdf
_u
856 4 _qpdf
_u
942 _cKNG
_n0
_016
944 _aCR
_c19.06.2007
_lКръстинка Христова
_k30539
944 _aED
_c15.12.2012
_lф /
_k
999 _c71422
_d71422